Les matchs importants ou Ronaldo a été fantomatique en sélection - Statistiques

Statistiques générales
  • Ce quiz a été pris 55 fois
  • Le résultat moyen est 6 sur 10
Answers on the Grid
Answers color-coded by a green-red scale on the quiz's grid according to % correct below.
Grece 2004
France 2006
Allemagne 2008
Espagne 2010
Espagne 2012
France 2016
Uruguay 2018
Belgique 2021
Maroc 2022
France 2024
Hongrie 2016
République tchèque 2012
Pays Bas 2004
 
Statistiques - réponses
Réponse % Correct
France 2024
73%
Maroc 2022
73%
Uruguay 2018
69%
France 2016
67%
Espagne 2010
61%
Grece 2004
59%
France 2006
55%
Espagne 2012
53%
Allemagne 2008
51%
Belgique 2021
51%
Aucun quiz correspondant
Distribution des résultats
% des personnes avec chaque résultat
Percentile par nombre de réponses
Votre historique - résultats
Vous n’avez pas pris ce quiz